Ley orgánica de hacienda del Estado de Oaxaca (Publicada en "Extra" del periódico oficial de fecha 21 de marzo de 1926)

Detalles Bibliográficos
Autor Corporativo: Oaxaca (México). Leyes, decretos, etc
Formato: Libro
Lenguaje:Spanish
Publicado: Oaxaca : Talleres Tipográficos del Gobierno del Estado, 1926.
Materias:
Colección:Banco de datos
Acervo:Universidad Autónoma Benito Juárez de Oaxaca. Biblioteca Francisco de Burgoa. Colección moderna
Descripción Física:80 p. ; 19 cm.
Tema general:Derecho fiscal
Notas:Portada tipográfica con el escudo nacional mexicano y marco. Texto a renglón seguido con paginación en números arábigos. Encuadernación en papel. Sello en tinta del Lic. Heliodoro Díaz Quintas. Libertad No. 7. Oaxaca
LEADER 00936nam a22001690004500
035 |a 127 
041 0 |a spa 
110 1 |a Oaxaca (México). Leyes, decretos, etc. 
245 1 0 |a Ley orgánica de hacienda del Estado de Oaxaca (Publicada en "Extra" del periódico oficial de fecha 21 de marzo de 1926) 
260 |a Oaxaca : Talleres Tipográficos del Gobierno del Estado, 1926. 
300 |a 80 p. ; 19 cm.  
500 |a Portada tipográfica con el escudo nacional mexicano y marco. Texto a renglón seguido con paginación en números arábigos. Encuadernación en papel. Sello en tinta del Lic. Heliodoro Díaz Quintas. Libertad No. 7. Oaxaca 
650 1 0 |a Derecho fiscal 
852 |a Universidad Autónoma "Benito Juárez" de Oaxaca, Biblioteca Francisco de Burgoa, Colección moderna 12492 
942 |c BURMOD 
943 |g Universidad Autónoma Benito Juárez de Oaxaca. Biblioteca Francisco de Burgoa. Colección moderna 
999 |c 1124570  |d 1124570